|
|
|
|
| LEADER |
00000nam0a2200000 4500 |
| 001 |
353304 |
| 005 |
20231102010559.0 |
| 035 |
|
|
|a (RuTPU)RU\TPU\retro\10470
|
| 090 |
|
|
|a 353304
|
| 100 |
|
|
|a 20200325d1958 m y0rusy50 ca
|
| 101 |
0 |
|
|a rus
|
| 102 |
|
|
|a RU
|
| 105 |
|
|
|a a z 000zy
|
| 200 |
1 |
|
|a Южноякутская угленосная площадь и ее перспективы
|f В. В. Мокринский
|g Конференция по развитию производственных сил Восточной Сибири, Якутское региональное совещание
|
| 210 |
|
|
|a Якутск
|d 1958
|
| 215 |
|
|
|a 22 с.
|c табл.
|
| 300 |
|
|
|a На правах рукописи
|
| 316 |
|
|
|5 63413507: ШкА2/39
|a На обложке дарственная надпись: "В библиотеку Томского Технологического И-та от автора"
|
| 606 |
1 |
|
|a Угленосные отложения
|x Месторождения
|2 stltpush
|3 (RuTPU)RU\TPU\subj\62368
|9 79448
|
| 610 |
1 |
|
|a мезозой
|
| 610 |
1 |
|
|a угленосные бассейны
|
| 610 |
1 |
|
|a Якутский каменноугольный бассейн
|
| 610 |
1 |
|
|a Якутская АССР
|
| 610 |
1 |
|
|a состав
|
| 610 |
1 |
|
|a угли
|
| 610 |
1 |
|
|a характеристики
|
| 610 |
1 |
|
|a метаморфизм
|
| 610 |
1 |
|
|a дарственная надпись
|
| 610 |
1 |
|
|a дары автора
|
| 610 |
1 |
|
|a дары библиотеке
|
| 610 |
1 |
|
|a коллекция ТПУ
|
| 675 |
|
|
|a 553.94
|v 3
|
| 700 |
|
1 |
|a Мокринский
|b В. В.
|
| 712 |
0 |
2 |
|a Конференция по развитию производственных сил Восточной Сибири
|b Якутское региональное совещание
|c организационный комитет
|e Якутск
|
| 801 |
|
1 |
|a RU
|b 63413507
|c 20200325
|
| 801 |
|
2 |
|a RU
|b 63413507
|c 20200325
|g RCR
|
| 942 |
|
|
|c BK
|